Condes de Aragón - Estadísticas

Estadísticas generales
  • Esta prueba ha sido intentada 49 veces
  • La puntuación promedio es 7 de 11
Estadísticas de respuestas
Reinado Conde % Correcto
943-994 Sancho Garcés II
90%
1000-1035 Sancho Garcés III
90%
820-833 García I Galíndez
72%
994-1000 García Sánchez II
72%
833-844 Galindo Garcés
59%
844-867 Galindo I Aznárez
59%
893-922 Galindo II Aznárez
59%
809-820 Aznar I Galíndez
48%
867-893 Aznar II Galíndez
48%
922-943 Andregoto Galíndez
41%
802-809 Aureolo
28%
No se encontraron pruebas coincidentes
Distribución de puntuación
Porcentaje de gente con cada puntuación
Porcentaje por número respondido
Historial de tus puntuaciones
No has intentado esta prueba.